00263nam a2200109Ia 4500008004100000100002500041245002200066260001900088650002200107942000700129999001700136190216s9999||||xx |||||||||||||| ||und|| aSree Kandan Nair C N 0aNashta Kachavadam bM S Book Depot aMalayalam Nadakam cBK c24030d24030